Pokemon that contain the letter G - Statistics

General Stats
  • This quiz has been taken 231 times
    224 since last reset
  • The average score is 165 of 215
Answer Stats
Generation Type Pokemon % Correct
I Rock/Ground Golem
97%
I Rock/Ground Graveler
97%
I Rock/Ground Geodude
95%
I Water/Flying Gyarados
95%
I Ghost/Poison Gengar
93%
IV Ground/Flying Gliscor
93%
I Poison/Flying Golbat
93%
IV Psychic/Fighting Gallade
92%
III Psychic/Fairy Gardevoir
92%
I Ghost/Poison Gastly
92%
IV Dragon/Ground Gible
92%
II Ground/Flying Gligar
92%
I Water Golduck
92%
VI Dragon Goomy
92%
VI Dragon Sliggoo
92%
III Dragon Bagon
90%
IV Dragon/Ground Gabite
90%
IV Dragon/Ground Garchomp
90%
I Grass/Poison Gloom
90%
VI Dragon Goodra
90%
III Psychic Grumpig
90%
II Fire Magby
90%
I Fire Magmar
90%
III Steel/Rock Aggron
88%
I Dragon/Flying Dragonite
88%
V Poison Garbodor
88%
V Rock Gigalith
88%
I Water Goldeen
88%
II Fire/Rock Magcargo
88%
III Rock Regirock
88%
III Steel Registeel
88%
III Dragon Shelgon
88%
III Grass Grovyle
87%
I Water Magikarp
87%
IV Fire Magmortar
87%
I Electric/Steel Magnemite
87%
I Electric/Steel Magneton
87%
IV Electric/Steel Magnezone
87%
III Steel/Psychic Metang
87%
III Ice Regice
87%
VIII Dragon Regidrago
87%
I Ground Diglett
85%
I Dragon Dragonair
85%
I Ground Dugtrio
85%
I Grass/Psychic Exeggcute
85%
I Grass/Psychic Exeggutor
85%
VI Grass Gogoat
85%
III Ground Groudon
85%
VII Bug Grubbin
85%
II Normal/Fairy Igglybuff
85%
I Normal/Fairy Jigglypuff
85%
II Water/Dragon Kingdra
85%
III Steel/Psychic Metagross
85%
IV Normal Regigigas
85%
I Normal/Fairy Wigglytuff
85%
VI Steel/Ghost Aegislash
83%
IV Steel/Psychic Bronzong
83%
IV Ghost/Dragon Giratina
83%
IV Ice Glaceon
83%
III Ice Glalie
83%
V Ground/Ghost Golett
83%
III Water Gorebyss
83%
VI Ghost/Grass Gourgeist
83%
VI Water/Dark Greninja
83%
IV Grass Grotle
83%
I Poison Koffing
83%
V Fire/Fighting Pignite
83%
V Rock Roggenrola
83%
V Fire Tepig
83%
I Poison Weezing
83%
V Bug Accelgor
82%
VI Ice Avalugg
82%
VII Bug/Electric Charjabug
82%
IV Psychic Chingling
82%
V Bug/Electric Galvantula
82%
V Ground/Ghost Golurk
82%
V Psychic Gothita
82%
V Psychic Gothorita
82%
II Fairy Granbull
82%
VIII Dark/Fairy Grimmsnarl
82%
I Water Kingler
82%
VIII Electric Regieleki
82%
II Water/Psychic Slowking
82%
II Fairy Togepi
82%
II Fairy/Flying Togetic
82%
III Water/Flying Wingull
82%
VI Ice Bergmite
80%
III Ground/Dragon Flygon
80%
V Psychic Gothitelle
80%
I Poison Grimer
80%
VII Normal Gumshoos
80%
V Fighting Gurdurr
80%
I Normal/Flying Pidgeot
80%
I Normal/Flying Pidgeotto
80%
I Normal/Flying Pidgey
80%
VI Bug Scatterbug
80%
I Grass Tangela
80%
IV Grass Tangrowth
80%
IV Fairy/Flying Togekiss
80%
V Ice Cryogonal
78%
I Water/Ice Dewgong
78%
VI Poison/Dragon Dragalge
78%
VIII Dragon/Ghost Dragapult
78%
IV Normal Glameow
78%
I Fire Growlithe
78%
VI Steel/Ghost Honedge
78%
V Steel Klinklang
78%
II Psychic/Flying Lugia
78%
VIII Grass Eldegoss
77%
II Water Feraligatr
77%
IV Water/Ground Gastrodon
77%
V Bug/Steel Genesect
77%
II Normal/Psychic Girafarig
77%
III Poison Gulpin
77%
VII Dark/Dragon Guzzlord
77%
III Normal Slaking
77%
IX Water Wiglett
77%
V Grass/Poison Amoonguss
75%
IV Poison/Fighting Croagunk
75%
V Normal/Grass Deerling
75%
IV Steel/Dragon Dialga
75%
V Dragon Druddigon
75%
VI Water Frogadier
75%
IX Ghost Gimmighoul
75%
VII Bug/Water Golisopod
75%
VIII Grass Grookey
75%
V Dark/Dragon Hydreigon
75%
V Steel Klang
75%
VII Steel/Fairy Magearna
75%
I Poison/Ground Nidoking
75%
II Fire Slugma
75%
IX Water Wugtrio
75%
III Normal Zigzagoon
75%
V Ghost Cofagrigus
73%
VI Normal/Ground Diggersby
73%
V Grass/Poison Foongus
73%
IX Steel/Ghost Gholdengo
73%
VIII Grass Gossifleur
73%
VIII Normal Greedent
73%
III Water Kyogre
73%
II Grass Meganium
73%
III Dark Mightyena
73%
VI Fighting/Dark Pangoro
73%
I Water Poliwag
73%
I Normal Porygon
73%
II Normal Porygon2
73%
IV Normal Porygon-Z
73%
IV Normal Purugly
73%
VIII Bug Blipbug
72%
IX Rock/Poison Glimmora
72%
VIII Fighting Grapploct
72%
I Normal Kangaskhan
72%
II Water/Ground Quagsire
72%
V Psychic/Flying Sigilyph
72%
VII Psychic/Steel Solgaleo
72%
V Electric/Flying Emolga
70%
IX Rock/Poison Glimmet
70%
VII Dragon Jangmo-o
70%
VIII Dark/Normal Obstagoon
70%
VII Electric/Steel Togedemaru
70%
II Fighting Tyrogue
70%
VII Normal Yungoos
70%
VI Normal/Flying Fletchling
68%
IX Ghost Greavard
68%
VII Rock/Poison Nihilego
68%
VII Normal/Psychic Oranguru
68%
V Dark/Fighting Scraggy
68%
V Water/Rock Tirtouga
68%
IV Grass Turtwig
68%
VI Dragon/Ground Zygarde
68%
VIII Water/Ghost Basculegion
67%
VIII Flying/Steel Corviknight
67%
IX Normal/Psychic Farigiraf
67%
VIII Dark/Fairy Morgrem
67%
V Grass Pansage
67%
I Water Seaking
67%
V Grass Simisage
67%
IV Bug/Flying Yanmega
67%
IX Fire/Ghost Ceruledge
65%
VII Psychic Cosmog
65%
V Psychic Elgyem
65%
IX Dark/Steel Kingambit
65%
I Normal Lickitung
65%
IV Ghost Mismagius
65%
VII Poison/Dragon Naganadel
65%
VIII Ground/Ghost Runerigus
65%
IX Grass Floragato
63%
VI Fairy Florges
63%
IX Dragon/Ice Frigibax
63%
IX Rock Garganacl
63%
IX Dark/Flying Iron Jugulis
63%
V Grass Lilligant
63%
VII Ghost/Ground Sandygast
63%
II Normal Smeargle
63%
IX Grass Sprigatito
63%
V Normal Watchog
62%
III Normal Zangoose
62%
IX Fire/Psychic Armarouge
60%
VI Grass/Fighting Chesnaught
60%
IX Ground/Fighting Great Tusk
60%
IX Dragon/Dark Roaring Moon
60%
III Normal Vigoroth
60%
VIII Ice Glastrier
58%
IX Poison/Normal Grafaiai
58%
IX Fire/Ghost Skeledirge
58%
IX Ghost/Grass Brambleghast
57%
IX Fairy Fidough
55%
IX Flying/Fighting Flamigo
55%
IX Normal Oinkologne
55%
II Normal Ursaring
55%
IX Bug/Fighting Slither Wing
53%
IX Dragon/Water Tatsugiri
52%
IX Water/Dragon Walking Wake
50%
VIII Ghost Polteageist
48%
IX Dark/Ground Ting-Lu
48%
No matching quizzes found
Score Distribution
Percent of People with Each Score
Percentile by Number Answered
Your Score History
You have not taken this quiz since the last reset